عرض عادي عرض مارك
  • American poetry

مدخل مصطلح موضوعي

عدد التسجيلات المستخدمة في: 3

001 - رقم الضبط

  • حقل الضبط: 7661

003 - معرف رقم الضبط

  • حقل الضبط: OSt

005 - تاريخ ووقت أخر عملية

  • حقل الضبط: 20111210105044.0

008 - عناصر بيانات ثابتة الطول

  • حقل تحكم ثابت الطول: 111210|||a|||||| | ||| d

040 ## - مصدر الفهرسة

  • هيئة الفهرسة الأصلية: OSt
  • وكالة الكتابة: OSt

150 ## - مدخل-- مصطلح تاريخي

  • عنصر مدخل المصطلح الموضوعي او الاسم الجغرافي: American poetry
  • تقسيم فرعي تاريخي: 20th century
  • تفريع عام: History and criticism.

670 ## - بيانات المصدر موجوده

  • الاستشهاد بالمصدر: Work cat.: (OSt)0: Yao, Steven G., 1965- 7659, Foreign accents :, 2010.